000 00513nam a2200181Ia 4500
999 _c8037
_d8037
003 OSt
005 20200129095411.0
008 190216s9999||||xx |||||||||||||| ||und||
020 _a9788131517062
040 _coclc
082 _a658.1599
_bMAD/I
100 _aMadura, Jeff
_91422
245 0 _aInternational Corporate Finance /
_cJeff Madura
250 _a10th ed.
260 _bCengage Learning,
_c2010.
_aDelhi:
300 _a709p
942 _cBK
_2ddc
_h658.1599
_iMAD/I
_k658.1599
_mMAD/I